00425nam a2200157 a 4500008004100000020001500041050001800056100002400074245006600098260003900164300001500203350000900218650001700227650000900244650001400253090319s2003 ||||||||||||||||| || u a9982030132 aGN 657.B2 Kap aKapwepwe, Mulenga M10aTraditional Bemba foods and beveragescby Mulenga M. Kapwepwe aLusaka:bMulenga M. Kapwepwec2003 a40p.: ill. a0.00 aBEMBAS--FOOD aFOOD aBEVERAGES